| 000 | 01400nam a22003737a 4500 | ||
|---|---|---|---|
| 003 | CHAP | ||
| 005 | 20241015134225.0 | ||
| 008 | 000125d1998 mx a r 00110 spa d | ||
| 010 | _a79475 | ||
| 011 | _a80447 | ||
| 035 | _a90898 | ||
| 040 | _cCHAP | ||
| 090 | _aTesis | ||
| 100 | 0 | 0 |
_aMiranda Trejo, Gabriel. _976114 |
| 245 | 1 | 0 |
_aOrganizaciones visionarias en México : _bel caso del grupo industrial Lala _c/por Gabriel Miranda Trejo y Verónica Jiménez Montoya |
| 260 |
_aChapingo, Méx. : _bEl autor, _c1998. |
||
| 300 |
_a102 h. : _bilus. ; cuadros ; anexos |
||
| 502 | _aTesis (Lic. en Administración de Empresas Agropecuarias) -- UACH. División de Ciencias Económico-Administrativas | ||
| 590 |
_aALEPH _b10 _c20130110 _lUCH01 _h1431 |
||
| 590 |
_aBATCH-UPD _b10 _c20130110 _lUCH01 _h0513 |
||
| 590 |
_aBATCH-UPD _b10 _c20130410 _lUCH01 _h0152 |
||
| 590 |
_aBATCH-UPD _b10 _c20130914 _lUCH01 _h1301 |
||
| 590 |
_aCONVERSION _b10 _c20130109 _lUCH01 _h1344 |
||
| 650 | 1 | 4 |
_aEmpresas. _936635 |
| 650 | 1 | 7 |
_aIndustria lechera _zMéxico _2 _957847 |
| 650 | 1 | 4 |
_aPolítica industrial. _990665 |
| 700 | 0 |
_aJiménez Montoya, Verónica. _961604 |
|
| 901 | _aBK | ||
| 905 | _aGuadalupe Pinto C. | ||
| 942 | _cFOLL | ||
| 949 |
_bBC _cTES _d33724000710653 _eTS2 _fc.2 _h34299 _i90898 _sb |
||
| 949 |
_bBC _cTES _d33724000759171 _eTS2 _fc.3 _h35584 _i90898 _si |
||
| 949 |
_bBC _cTES _d908981 _eTS1 _h34298 _i90898 _sb |
||
| 999 |
_c79475 _d79475 |
||